"Stan" Countries Quiz - Statistics

General Stats
  • This quiz has been taken 216,666 times
    216,664 since last reset
  • The average score is 6 of 7
Answer Stats
Country % Correct
Pakistan
95%
Afghanistan
94%
Uzbekistan
94%
Kazakhstan
93%
Turkmenistan
93%
Kyrgyzstan
88%
Tajikistan
88%
No matching quizzes found
Score Distribution
Percent of People with Each Score
Percentile by Number Answered
Your Score History
You have not taken this quiz since the last reset